| 000 | 00709nam a22001697a 4500 | ||
|---|---|---|---|
| 008 | 100328s2006 enk|||||r|||| 001 0 eng d | ||
| 020 | _a9780521678582 | ||
| 020 | _a0521678587 | ||
| 082 |
_222 _a300.1 _bMAN |
||
| 100 |
_913203 _aManicas, Peter T. |
||
| 245 |
_aA Realist Philosophy of Social Science : _b Explanation and Understanding / _cPeter T. Manicas. |
||
| 260 |
_aCambridge : _b Cambridge University Press, 2006. _c2006 |
||
| 300 |
_a ix, 225 p. ; _c24 cm. |
||
| 504 | _aIncludes bibliographical references (p. 200-216) and index. | ||
| 942 |
_2ddc _cBB |
||
| 999 |
_c13802 _d13802 |
||